=LDR 00000nam 2200000 4500 =001 INLIS000000000020970 =005 20130612115855 =008 ***********************************Ind** =035 ##$$0010-061300000020970 =041 ##$$a Ind =082 ##$$a 339 =090 ##$$a 339, Dar m =100 ##$$a Dorobush, Rudiger =245 ##$$a Makro ekonomi, Rudiger Dora Bush ; alih bahasa, Julius A. Mulyadi =260 ##$$a 1984 $b Jakarta =300 ##$$a xiv, 715 hlm, ilus, 27 cm =650 ##$$a Ekonomi Makro-terjemahan =850 ##$$a NBPNMAT